| 000 | 00705nam a2200205 a 4500 | ||
|---|---|---|---|
| 001 | 1755 | ||
| 005 | 20140414131909.0 | ||
| 008 | 001218s19uu xx 00 eng d | ||
| 020 | _a0-689-50460-8 | ||
| 050 |
_aER _bB63 1993 |
||
| 100 | _aTaber, Anthony | ||
| 245 |
_aThe boy who stopped time / _cAnthony Taber. |
||
| 250 | _a1st ed. | ||
| 260 |
_aNew York : _bMargaret K. McElderry Books, Macmillan Publishing Comp, _c1993. |
||
| 300 | _a1 v. p. : ill. ; cm. | ||
| 520 | _aJulian stops the pendulum from swinging on the clock and has a marvelous adventure while the rest of the world is suspended in time. | ||
| 650 |
_aTime _xFiction. |
||
| 650 |
_aClocks and watches _xFiction. |
||
| 999 |
_c111130 _d111130 |
||